| 000 | 00761nam a2200277Ia 4500 | ||
|---|---|---|---|
| 005 | 20250425161911.0 | ||
| 008 | 250425s9999 xx 000 0 und d | ||
| 020 | _a9682607906 | ||
| 041 | _aspa | ||
| 043 | _amx | ||
| 082 | _a658.562 | ||
| 100 | _aCROSBY, PHILIP B. | ||
| 245 | 0 | _aCALIDAD SIN LAGRIMAS: EL ARTE DE ADMINISTRAR SIN PROBLEMAS | |
| 250 | _a1A ED. | ||
| 260 |
_aMEXICO _bCOMPAÑIA EDITORIAL CONTINENTAL |
||
| 260 |
_aMéxico _bCOMPAÑIA EDITORIAL CONTINENTAL _c1995 |
||
| 300 | _a211 | ||
| 500 | _aTítulo Traducido: QUALITY WITHOUT TEARS | ||
| 650 | _aCALIDAD | ||
| 650 | _aDECISIONES | ||
| 650 | _aEDUCACION | ||
| 650 | _aSISTEMAS DE CALIDAD | ||
| 700 |
_aALBERTO GARCIA MENDOZA _etraductor |
||
| 942 | _c01 | ||
| 010 | _a34245 | ||
| 999 |
_c218443 _d218443 |
||